[Event "Voronezh Master Open"]
[Site "Voronezh RUS"]
[Date "2011.06.21"]
[Round "9.13"]
[White "Belyakov,B"]
[Black "Kurukin,D"]
[Result "1/2-1/2"]
[WhiteElo "2349"]
[BlackElo "2409"]

1.e4 c5 2.Nf3 d6 3.Bb5+ Nd7 4.c3 Nf6 5.d3 g6 6.O-O Bg7 7.Re1 a6 8.Bc4 b5
9.Bb3 Bb7 10.a4 O-O 11.h3 c4 12.dxc4 bxc4 13.Bxc4 Nxe4 14.Ng5 Nxg5 15.Bxg5 Nf6
16.Nd2 Qc7 17.a5 Rac8 18.Bf1 Rfe8 19.Qb3 h6 20.Be3 Rb8 21.Ba7 Ra8 22.Bb6 Qd7
23.Rad1 Nd5 24.Bc4 e6 25.Bd4 Nf4 26.Bxg7 Kxg7 27.Bf1 Qc6 28.Ne4 d5 29.Ng3 e5
30.Qb4 Rab8 31.Qb6 Qxb6 32.axb6 Bc6 33.Ra1 Rxb6 34.Rxa6 Rxa6 35.Bxa6 Ra8
36.Bf1 e4 37.Ne2 Nxe2+ 38.Bxe2 Ra2 39.Rb1 Kf6 40.Kf1 Ke5 41.Ke1 f5 42.b4 h5
43.b5 Bb7 44.c4 d4 45.c5 d3 46.Bd1 f4 47.c6 Ba8 48.b6 Bxc6 49.b7 Bxb7 50.Rxb7 e3
51.fxe3 fxe3 52.Re7+ Kd4 53.Rd7+ Kc4 54.Rc7+ Kd4 55.Rd7+  1/2-1/2

[Event "Zonal 2.4"]
[Site "Araruama BRA"]
[Date "2011.06.22"]
[Round "4"]
[White "Ferreira,Jos"]
[Black "Da Silva,Jose Almir Martins"]
[Result "1/2-1/2"]
[WhiteElo "1960"]
[BlackElo "2078"]

1.e4 c5 2.Nf3 d6 3.Bb5+ Bd7 4.Bxd7+ Qxd7 5.c4 Nc6 6.Nc3 g6 7.d4 cxd4 8.Nxd4 Bg7
9.Nde2 Nf6 10.f3 O-O 11.O-O Ne5 12.b3 Qc7 13.Be3 a6 14.Rc1 e6 15.Kh1 Qe7
16.a4 Nfd7 17.Bf2 Nc5 18.Rb1 Ncd3 19.Bg1 Nb4 20.Qd2 Nec6 21.Rbd1 d5 22.exd5 exd5
23.cxd5 Rfd8 24.d6 Qh4 25.Ne4 Bh6 26.Qe1 Qxe1 27.Rfxe1 Nc2 28.Rf1 Be3 29.Rd3 Bxg1
30.Kxg1 f5 31.Nc5 b6 32.Ne6 Rd7 33.Rc1 N2b4 34.Rd2 Kf7 35.N6f4 Rad8 36.Rcd1 b5
37.axb5 axb5 38.Nc1 Na5 39.Kf1 Nb7 40.Nh3 Kf6 41.Nf2 Rxd6 42.Rxd6+ Rxd6 43.Rxd6+ Nxd6
44.Nfd3 Nd5 45.Ke2 Kg5 46.Na2 f4 47.Nab4 Ne3 48.Ne1 Ndf5 49.Nbc2 Kf6 50.Nxe3 Nxe3
51.Kd3 Ke5 52.Kc3 Nd5+ 53.Kd3 g5 54.Nc2 h5 55.h3 b4 56.Ke2  1/2-1/2

[Event "61st ch-RUS HL w"]
[Site "Taganrog RUS"]
[Date "2011.06.22"]
[Round "6"]
[White "Ivkina,O"]
[Black "Zizlova,S"]
[Result "1/2-1/2"]
[WhiteElo "2294"]
[BlackElo "2149"]

1.e4 c5 2.Nf3 d6 3.Bb5+ Nd7 4.c3 Nf6 5.Qe2 a6 6.Ba4 b5 7.Bc2 g6 8.d4 Bb7
9.Nbd2 cxd4 10.cxd4 Rc8 11.Bb3 Bg7 12.e5 dxe5 13.dxe5 Nd5 14.e6 fxe6 15.Ng5 Nc5
16.Nxe6 Nxe6 17.Qxe6 Rf8 18.Bxd5 Bxd5 19.Qh3 Qd7 20.Qxd7+ Kxd7 21.O-O Rc2
22.f3 Bd4+ 23.Kh1 Bxb2 24.Bxb2 Rxb2 25.Rfd1 Kc6 26.a4 b4 27.Rac1+ Kb6 28.a5+ Kb5
29.Nf1 e6 30.Ne3 Rd8 31.Nc2 Kxa5 32.Nd4 Rf8 33.Ra1+ Kb6 34.Nxe6 Bxe6 35.Rd6+ Kb5
36.Rxe6 Rc8 37.h4 Rcc2 38.Raxa6 Rxg2 39.Rab6+ Kc4 40.Re4+ Kc3 41.Rbxb4 Rxb4
42.Rxb4 Rf2 43.Rb7 h5 44.Rf7 Kd3 45.Kg1 Ra2 46.Rf6 Ke3 47.Rxg6 Kxf3 48.Rg5 Ra4  1/2-1/2

[Event "US Junior Championship"]
[Site "Saint Louis USA"]
[Date "2011.06.23"]
[Round "7"]
[White "Getz,A"]
[Black "Ding,Jialin"]
[Result "1/2-1/2"]
[WhiteElo "2292"]
[BlackElo "2171"]

1.e4 c5 2.Nf3 d6 3.Bb5+ Bd7 4.Bxd7+ Qxd7 5.c4 Nc6 6.Nc3 Nf6 7.d4 cxd4 8.Nxd4 g6
9.h3 Bg7 10.Be3 O-O 11.O-O a6 12.a4 Rac8 13.b3 Rfd8 14.Qf3 Qe8 15.Rfc1 Nd7
16.Qd1 Nc5 17.Rab1 Nb4 18.Nd5 Nxd5 19.exd5 e5 20.Nf3 e4 21.Ne1 b5 22.cxb5 axb5
23.a5 b4 24.Bg5 Rd7 25.Bd2 Rb7 26.Rc4 Na6 27.Rbc1 Rxc4 28.Rxc4 Qb5 29.Rc8+ Bf8
30.Qc2 Nc5 31.a6 Rb8 32.Rxb8 Qxb8 33.Qc4 Qa8 34.Bxb4 Nxa6 35.Bc3 Bg7 36.Bxg7 Kxg7
37.Qxe4 Qb7 38.Qd4+ Kg8 39.Nc2 Qxb3 40.Ne3 h5 41.Qf6 Qb6 42.g4 hxg4 43.Nxg4 Qc7
44.Nh6+ Kf8 45.Nxf7 Qxf7 46.Qxd6+ Kg7 47.Qxa6 Qxd5 48.Qa7+ Kh6 49.Qe3+ Kg7
50.Kh2 Qd6+ 51.Kg2 Qd5+ 52.Kg3 Qd6+ 53.f4 Qd1 54.Qe5+ Kf7 55.Qe3 Qf1 56.h4 Qd1
57.Qa7+ Kf6 58.Qb6+ Kf7 59.Qc7+ Kf6 60.Qe5+ Kf7 61.Qe3 Kf6 62.Kf2 Qh1 63.Qg3 Qd1
64.Qc3+ Kf7 65.Ke3 Qh1 66.Qc7+ Kf6 67.Qd6+ Kf7 68.Qd7+ Kf6 69.Qd2 Kf7 70.Qf2 Qh3+
71.Kd4 Qd7+ 72.Kc3 Qc6+ 73.Kd2 Qd5+ 74.Ke1 Qh1+ 75.Ke2 Qe4+ 76.Qe3 Qg2+ 77.Kd3 Qd5+
78.Kc3 Qc6+ 79.Kd3 Qd5+ 80.Qd4 Qf3+ 81.Kc4 Qc6+ 82.Kb4 Qb7+ 83.Kc5 Qc7+ 84.Kd5 Qd7+
85.Kc4 Qc6+ 86.Kd3 Qf3+ 87.Kd2 Qg2+ 88.Ke3 Qh3+ 89.Ke4 Qf5+ 90.Ke3 Qh3+ 91.Ke2 Qxh4
92.Qd5+ Kg7 93.Qe5+  1/2-1/2

[Event "64th ch-RUS HL"]
[Site "Taganrog RUS"]
[Date "2011.06.23"]
[Round "8"]
[White "Papin,V"]
[Black "Diu,V"]
[Result "1-0"]
[WhiteElo "2565"]
[BlackElo "2475"]

1.Nf3 c5 2.e4 d6 3.Bb5+ Bd7 4.Bxd7+ Nxd7 5.O-O Ngf6 6.Re1 e6 7.b3 Be7 8.Bb2 O-O
9.c4 a6 10.d4 cxd4 11.Nxd4 Qc7 12.Nc3 Rac8 13.Qd2 Rfe8 14.Rad1 Bf8 15.Qg5 Qc5
16.Qg3 Qa5 17.f4 g6 18.Kh1 Bg7 19.Nc2 Qc7 20.Qf3 b5 21.cxb5 axb5 22.Nb4 Qa5
23.a3 Nc5 24.e5 dxe5 25.fxe5 Nfd7 26.Ne4 Rf8 27.Nd6 Ra8 28.Nc6 Qa6 29.b4 Na4
30.Ba1 h6 31.Ne7+ Kh7 32.Nxf7 Nab6 33.Qe4  1-0

[Event "ch-Commonwealth RSA-Open"]
[Site "Ekurhuleni RSA"]
[Date "2011.06.24"]
[Round "11"]
[White "Gumpo,Thabo"]
[Black "Barileng,G"]
[Result "1/2-1/2"]
[WhiteElo "1944"]
[BlackElo "2128"]

1.e4 c5 2.Nf3 d6 3.Bb5+ Bd7 4.Bxd7+ Qxd7 5.O-O Nc6 6.c4 Nf6 7.Nc3 g6 8.d4 cxd4
9.Nxd4 Bg7 10.Re1 O-O 11.f3 Nxd4 12.Qxd4 a6 13.Qd3 Qd8 14.Be3 Rc8 15.Rac1 Re8
16.Red1 Nd7 17.b3 Qa5 18.Bd4 Nc5 19.Qd2 Ne6 20.Nd5 Nc5 21.Qf2  1/2-1/2

[Event "Mukachevo Summer"]
[Site "Mukachevo UKR"]
[Date "2011.06.24"]
[Round "7"]
[White "Yarmysty,M"]
[Black "Tregubov,V"]
[Result "1/2-1/2"]
[WhiteElo "2312"]
[BlackElo "2293"]

1.e4 c5 2.Nf3 d6 3.Bb5+ Nc6 4.O-O Bd7 5.Re1 a6 6.Bf1 Nf6 7.h3 g6 8.c3 Bg7
9.d4 cxd4 10.cxd4 d5 11.e5 Ne4 12.Qb3 e6 13.Nbd2 O-O 14.Bd3 f5 15.exf6 Nxf6
16.Qd1 Nh5 17.Nb3 b6 18.Bg5 Qb8 19.Be3 Nf4 20.Bf1 Kh8 21.Rc1 Qd6 22.g3 Nh5
23.Bg2 a5 24.Rc3 a4 25.Nc1 a3 26.Rb3 axb2 27.Rxb2 Na5 28.Ne5 Nc4 29.Rb1 b5
30.Ncd3 Nxe5 31.Nc1 Nc4 32.Nd3 Rxa2 33.Ne5  1/2-1/2

[Event "2nd Big Slick IM"]
[Site "London ENG"]
[Date "2011.06.25"]
[Round "1"]
[White "Makepeace,P"]
[Black "Sreeves,C"]
[Result "1/2-1/2"]
[WhiteElo "2095"]
[BlackElo "2173"]

1.e4 c5 2.Nf3 d6 3.Bb5+ Bd7 4.Bxd7+ Qxd7 5.d4 cxd4 6.Nxd4 Nf6 7.Nc3 g6 8.Bg5 Bg7
9.Nd5 Nxe4 10.Nb5 Na6 11.Bxe7 Qxb5 12.c4 Qa5+ 13.Kf1 Nb4 14.Qe1 f5 15.Nxb4 Qc5
16.Rc1 Kxe7 17.f3 Rhf8 18.g3 Kd7 19.fxe4 fxe4+ 20.Kg2 Rf3 21.Nd5 Qd4 22.Rc2 b6
23.Qb4 Qc5 24.Qxc5 dxc5 25.Re1 Re8 26.Rce2 Rf5 27.Rxe4 Rfe5 28.Rxe5 Rxe5
29.Rxe5 Bxe5 30.b3 Ke6 31.Kf3 Bd6 32.Ke4 Bb8 33.b4 cxb4 34.Nxb4 Bd6 35.Nd3 Bc7
36.a4 Bd6 37.Kd4 Ba3 38.c5 bxc5+ 39.Kc4 Kd6 40.Kb3 c4+ 41.Kxc4 a6 42.Kd4 Kc7
43.Nf2 Kb6 44.Kc4 Be7 45.Ng4 Ka5 46.Kb3 Kb6 47.Ne5 Kc5 48.Nd3+ Kd5 49.Nb4+ Bxb4
50.Kxb4 Kc6 51.Kc4 a5 52.Kd4 Kd6 53.Kc4  1/2-1/2

[Event "IX Gyorgy Marx Mem"]
[Site "Paks HUN"]
[Date "2011.06.26"]
[Round "9"]
[White "Bologan,V"]
[Black "Wojtaszek,R"]
[Result "0-1"]
[WhiteElo "2678"]
[BlackElo "2721"]

1.e4 c5 2.Nf3 d6 3.Bb5+ Bd7 4.Bxd7+ Qxd7 5.c4 Nf6 6.Nc3 g6 7.d4 cxd4 8.Nxd4 Bg7
9.f3 O-O 10.Be3 Nc6 11.O-O a6 12.a4 e6 13.Rc1 Ne5 14.b3 d5 15.cxd5 exd5 16.Nxd5 Nxd5
17.exd5 Rfe8 18.Nc2 Rac8 19.Bf2 Rc3 20.Ne3 Rxc1 21.Qxc1 Nd3 22.Qd2 Nxf2 23.Rxf2 Qd6
24.Re2 h5 25.g3 Qb6 26.b4 Bd4 27.Kf2 a5 28.bxa5 Qc5 29.Qd3 Qxd5 30.Kg2 Qe5
31.f4 Qc5 32.Nc4 Qd5+ 33.Kh3 Qd7+ 34.Kg2 Qd5+ 35.Kh3 Qd7+ 36.Kg2 Qc6+ 37.Kh3 Rxe2
38.Qxe2 Qxa4 39.Qd3 Qd7+ 40.Kg2 Qd5+ 41.Kh3 Kg7 42.Nd2 Qe6+ 43.Kg2 Ba7 44.Nc4 h4
45.Ne5 hxg3 46.hxg3 Qa2+ 47.Kh3 Qe6+ 48.Ng4 Qc6 49.Qd1 Qe4 50.Qf1 Qd5 51.Ne5 Bd4
52.Qd1 Qe4 53.Nf3 Bc3 54.Kg2 Bxa5 55.Qd4+ Qxd4 56.Nxd4 Kf6 57.Kf3 Bb6 58.Nb5 Ke6
59.g4 Kd5 60.Nc3+ Kc4 61.Ne4 Bc5 62.f5 b5 63.Ng5 gxf5 64.gxf5 b4 65.Ke2 b3
66.Kd2 f6 67.Ne4 Bd4 68.Nd6+ Kd5 69.Ne8 Bb2 70.Kd3 Kc5 71.Kd2 Kb4 72.Nd6 Be5
73.Ne4 Ka3 74.Kc1 Ka2  0-1

[Event "6th Dvorkovich Cup"]
[Site "Moscow RUS"]
[Date "2011.06.27"]
[Round "4.15"]
[White "Abbasov,Amil Habil oglu"]
[Black "Nikologorskiy,K"]
[Result "0-1"]
[WhiteElo "2137"]
[BlackElo "2260"]

1.e4 c5 2.Nf3 d6 3.Bb5+ Bd7 4.Bxd7+ Qxd7 5.O-O Nc6 6.c3 Nf6 7.d4 Nxe4 8.d5 Ne5
9.Re1 Nxf3+ 10.Qxf3 Nf6 11.c4 e5 12.dxe6 fxe6 13.Nc3 Be7 14.Bg5 h6 15.Bh4 O-O
16.Qh3 Kf7 17.Rad1 Rad8 18.Ne2 g5 19.Bg3 e5 20.Qxd7 Rxd7 21.Nc3 a6 22.f3 Rb8
23.Nd5 Nxd5 24.Rxd5 Rbd8 25.Red1 Ke6 26.Kf2 b5 27.cxb5 axb5 28.a3 Bf6 29.R1d2 Ra7
30.Ke3 Ra4 31.R5d3 Rd4 32.Rb3 Rxd2 33.Kxd2 Rb8 34.Bf2 c4 35.Rb4 Bd8 36.b3 Ba5
37.bxc4 bxc4 38.Kc3 d5 39.Bc5 Rc8  0-1

[Event "IX Gyorgy Marx WGM"]
[Site "Paks HUN"]
[Date "2011.06.27"]
[Round "10"]
[White "Rudolf,An"]
[Black "Madl,I"]
[Result "1/2-1/2"]
[WhiteElo "2355"]
[BlackElo "2405"]

1.e4 c5 2.Nf3 d6 3.Bb5+ Bd7 4.Bxd7+ Qxd7 5.c4 Nc6 6.Nc3 Nf6 7.d4 cxd4 8.Nxd4 g6
9.O-O Bg7 10.Nde2 O-O 11.f3 a6 12.a4 e6 13.Bg5 Qc7 14.Kh1 Qa5 15.Bh4 Rfd8
16.Rc1 Qh5 17.Bf2 Qa5 18.Bh4 Qh5 19.Bf2 Qa5 20.Bh4 Qh5  1/2-1/2

[Event "TCh-TUR 2011"]
[Site "Konya TUR"]
[Date "2011.06.28"]
[Round "1"]
[White "Spasov,V"]
[Black "Savchenko,B"]
[Result "1/2-1/2"]
[WhiteElo "2594"]
[BlackElo "2630"]

1.e4 c5 2.Nf3 d6 3.Bb5+ Bd7 4.Bxd7+ Qxd7 5.c4 g6 6.d4 cxd4 7.Nxd4 Nf6 8.Nc3 Bg7
9.h3 Na6 10.O-O Nc5 11.Re1 O-O 12.f3 Rac8 13.Be3 Rfd8 14.Qd2 e6 15.Rad1 a6
16.Bh6 Bxh6 17.Qxh6 Na4 18.Nxa4 Qxa4 19.b3 Qa3 20.Qe3 Qc5 21.Nc2 b5 22.Qxc5 Rxc5
23.Ne3 bxc4  1/2-1/2

[Event "XIX Open A"]
[Site "Montcada i Reixac ESP"]
[Date "2011.06.28"]
[Round "4"]
[White "Munoz Pantoja,M"]
[Black "Hernandez Carmenates,Hold"]
[Result "1/2-1/2"]
[WhiteElo "2498"]
[BlackElo "2558"]

1.e4 c5 2.Nf3 d6 3.Bb5+ Nd7 4.c4 e5 5.d3 g6 6.Nc3 Bg7 7.Nd5 a6 8.Ba4 Nf6
9.Bg5 O-O 10.Bxd7 Bxd7 11.Nd2 Be6 12.O-O Bxd5 13.cxd5 h6 14.Bh4 b5 15.a4 Qd7
16.Bxf6 Bxf6 17.Ra2 Bg5 18.Qc2 Ra7 19.Rfa1 Rfa8 20.Nf3 Bd8 21.Qd2 Kg7 22.b4 cxb4
23.Qxb4 Rb7 24.axb5 Rxb5 25.Qe1 Bb6 26.Nd2 Bd4 27.Rc1 a5 28.Nc4 a4 29.g3 Ra6
30.Kg2 Rb3 31.Qe2 a3 32.Rf1 Ra4 33.f4 exf4 34.Rxf4 Qe7 35.Qd1 Rab4 36.Rxa3 Rxa3
37.Nxa3 Rb2+ 38.Kh1 Qd7 39.Nc2 Be5 40.Rf2 Qa4 41.Qf3 f6 42.Ne3  1/2-1/2

[Event "19th Albena Open"]
[Site "Albena BUL"]
[Date "2011.06.30"]
[Round "6.30"]
[White "Gasik,An"]
[Black "Kiroski,T"]
[Result "0-1"]
[WhiteElo "2223"]
[BlackElo "2340"]

1.e4 c5 2.Nf3 d6 3.Bb5+ Bd7 4.Bxd7+ Qxd7 5.O-O g6 6.d4 cxd4 7.Qxd4 Nf6 8.c4 Bg7
9.Nc3 O-O 10.Bg5 h6 11.Bh4 Nc6 12.Qd3 g5 13.Bg3 Nh5 14.Rad1 Rad8 15.a3 Qe6
16.Nd5 Nxg3 17.hxg3 Qg6 18.b4 e6 19.Ne3 Qf6 20.b5 Na5 21.Nd4 g4 22.Qe2 h5
23.f3 gxf3 24.Qxf3 Qe5 25.Ne2 Rc8 26.Nf4 Qg5 27.c5 dxc5 28.Nxh5 Bd4 29.Nf4 Nc4
30.Rxd4 Nxe3 31.Qxe3 cxd4 32.Qf2 e5 33.Nd5 Kg7 34.Qe2 Rc1 35.Rxc1 Qxc1+ 36.Kf2 Rc8
37.Qg4+ Kf8  0-1

[Event "19th Albena Open"]
[Site "Albena BUL"]
[Date "2011.06.30"]
[Round "6.9"]
[White "Stoma,P"]
[Black "Stanojoski,Z"]
[Result "1/2-1/2"]
[WhiteElo "2326"]
[BlackElo "2493"]

1.e4 c5 2.Nf3 d6 3.Bb5+ Bd7 4.Bxd7+ Qxd7 5.O-O g6 6.c3 Nf6 7.Re1 Bg7 8.d4 O-O
9.Bg5 cxd4 10.cxd4 d5 11.Bxf6 Bxf6 12.exd5 Qxd5 13.Nc3 Qd8 14.Qb3 b6 15.Ne5 e6
16.Rac1 Bxe5 17.dxe5 Nc6 18.Qa4 Rc8 19.Rcd1 Qe7 20.Qf4 Rfd8 21.Ne4 Rxd1 22.Rxd1 Rd8
23.Rd6 Kg7 24.h4 Rxd6 25.exd6 Qd8 26.h5 h6 27.hxg6 f5 28.Qc1 Qd7 29.Qc3+ Kxg6
30.Qf6+ Kh7 31.Ng3 Qxd6 32.Qf7+ Kh8 33.Qe8+ Kh7 34.Qf7+ Kh8 35.Qe8+ Kh7 36.Nh5 Ne5
37.Nf6+ Kg7 38.Nh5+ Kh7 39.Nf6+  1/2-1/2

[Event "TCh-TUR 2011"]
[Site "Konya TUR"]
[Date "2011.06.30"]
[Round "3"]
[White "Deviren,E"]
[Black "Jannesar,Rad"]
[Result "1-0"]
[WhiteElo "1927"]
[BlackElo "1832"]

1.e4 c5 2.Nf3 d6 3.Bb5+ Nd7 4.d4 e6 5.O-O Nf6 6.Re1 a6 7.Bxd7+ Nxd7 8.c4 cxd4
9.Nxd4 Be7 10.Nc3 O-O 11.Be3 Qc7 12.Rc1 Ne5 13.b3 Nc6 14.Qd2 Bf6 15.Red1 Rd8
16.Nd5 exd5 17.cxd5 Bd7 18.b4 Rac8 19.dxc6 bxc6 20.Nb3 Be8 21.Bf4 Qb6 22.h3 c5
23.Bxd6 c4 24.Na5 Ba4 25.Nxc4 Rxc4 26.Rxc4 Bxd1 27.Qxd1 Qxd6 28.Qxd6 Rxd6
29.Rc8+ Rd8 30.Rc6 Ra8 31.a4 Kf8 32.Kf1 Be7 33.Rb6 Ke8 34.Ke2 Ra7 35.Kd3 Kd7
36.Rb8 Bd8 37.a5 Kc7 38.Rb6 Ra8 39.Kc4 Kd7 40.Rb7+ Kc8 41.Rxf7 Bf6 42.f4 Kd8  1-0

[Event "TCh-TUR 2011"]
[Site "Konya TUR"]
[Date "2011.06.30"]
[Round "3"]
[White "Zimina,O"]
[Black "Cinar Corlulu,N"]
[Result "1-0"]
[WhiteElo "2346"]
[BlackElo "1991"]

1.e4 c5 2.Nf3 d6 3.Bb5+ Nc6 4.O-O Bd7 5.Re1 Nf6 6.h3 e6 7.c3 a6 8.Bf1 Be7
9.d4 cxd4 10.cxd4 O-O 11.Nc3 Rc8 12.Bd3 e5 13.d5 Nb8 14.Be3 Be8 15.Qb3 b5
16.a4 bxa4 17.Nxa4 Nbd7 18.Rec1 Rb8 19.Qc2 Nh5 20.Bxa6 g6 21.Bd3 Ng7 22.Bh6 Nb6
23.Nc3 Bd7 24.Ra7 f5 25.Na2 fxe4 26.Bxe4 Rf7 27.Qc7 Nf5 28.Qxd8+ Bxd8 29.Bg5 Nc8
30.Ra3 Bb6 31.Nc3 Nd4 32.Rca1 Bc5 33.Ra8 Nxf3+ 34.Bxf3 Rxb2 35.Ne4 Kg7 36.Nxc5 dxc5
37.Re1 Nb6 38.Ra7 Nc4 39.Rc7 h6 40.Bc1 Rc2 41.Rxc5 Bxh3 42.Be4 Rcxf2 43.Rxc4 Bg4
44.Rc6  1-0

[Event "XIX Open A"]
[Site "Montcada i Reixac ESP"]
[Date "2011.06.30"]
[Round "6"]
[White "Munoz Pantoja,M"]
[Black "Bacallao Alonso,Y"]
[Result "1/2-1/2"]
[WhiteElo "2498"]
[BlackElo "2530"]

1.e4 c5 2.Nf3 d6 3.Bb5+ Bd7 4.Bxd7+ Qxd7 5.O-O Nc6 6.c4 Nf6 7.Nc3 g6 8.d4 cxd4
9.Nxd4 Bg7 10.Nc2 O-O 11.b3 e6 12.Qe2 d5 13.Rd1 Qc7 14.exd5 exd5 15.Nb5 Qd7
16.Bb2 Rfe8 17.Ne3 a6 18.cxd5 Ne7 19.Nc7 Qxc7 20.d6 Qd7 21.dxe7 Qxe7 22.Rd3 Nh5
23.g3 Bxb2 24.Qxb2 Qf6 25.Qxf6 Nxf6 26.Rd6 Ne4 27.Rd7 Rad8 28.Rad1 Rxd7 29.Rxd7 b5
30.Nd5 Kg7 31.Nc7 Rc8 32.b4 Nf6 33.Ne6+ Kg8 34.Rc7 Re8 35.Ng5 Nd5 36.Ra7 Nxb4
37.a3 Nd3 38.Nxf7 Re1+ 39.Kg2 Re2 40.Nh6+ Kf8 41.Rxa6 Rxf2+ 42.Kh3 Ra2 43.Ra7 b4
44.Rf7+ Ke8 45.axb4 Nf2+ 46.Kh4 Ne4 47.h3 Rb2 48.g4 Rb3 49.Rxh7 g5+ 50.Kh5 Nf6+
51.Kg6 Nxh7 52.Kxh7 Rxh3 53.Kg6  1/2-1/2

[Event "7th A Ermaka Memorial"]
[Site "Zaporizhzhia UKR"]
[Date "2011.06.30"]
[Round "7.2"]
[White "Boldysh,Maxim"]
[Black "Zubarev,Al1"]
[Result "0-1"]
[WhiteElo "1993"]
[BlackElo "2600"]

1.e4 c5 2.Nf3 d6 3.Bb5+ Nd7 4.d4 Nf6 5.O-O Nxe4 6.Re1 Nf6 7.dxc5 dxc5 8.Bc4 e6
9.Ng5 Be7 10.Bxe6 O-O 11.Qe2 h6 12.Bxd7 Qxd7 13.Ne4 Qc6 14.Nbc3 Be6 15.Bf4 Rad8
16.Rad1 Rxd1 17.Rxd1 Rd8 18.Rxd8+ Bxd8 19.Nxf6+ Bxf6 20.Be5 Be7 21.h3 a6
22.a4 Qb6 23.Kh2 Qb4 24.Qe3 Bf8 25.Ne4 Bf5 26.Nd6 Bxc2 27.Qf3 Qb3 28.Qf4 Qd5
29.Nc8 Qe6 30.Na7 Bxa4 31.Bxg7 Bd6  0-1

[Event "TCh-TUR 2011"]
[Site "Konya TUR"]
[Date "2011.07.01"]
[Round "4"]
[White "Okus,M"]
[Black "Nyzhnyk,I"]
[Result "0-1"]
[WhiteElo "1893"]
[BlackElo "2583"]

1.e4 c5 2.Nf3 d6 3.Bb5+ Nc6 4.O-O Bd7 5.Re1 Nf6 6.c3 a6 7.Bf1 Bg4 8.d4 cxd4
9.cxd4 e5 10.dxe5 dxe5 11.Qb3 Be7 12.Bg5 O-O 13.Nbd2 Be6 14.Qd1 b5 15.a4 Rb8
16.axb5 axb5 17.Nb1 Qb6 18.Nc3 Rfd8 19.Qc1 Ng4 20.Be3 Nxe3 21.fxe3 Na5 22.Rxa5 Qxa5
23.Nxe5 Rbc8 24.Qa1 Qb6 25.Nf3 b4 26.Nb5 Bc5 27.Nbd4 Bg4 28.Kf2 h6 29.Nb3 Bxe3+
30.Rxe3 Rc2+ 31.Be2 Bxf3 32.gxf3 Rd3  0-1

[Event "TCh-TUR 2011"]
[Site "Konya TUR"]
[Date "2011.07.01"]
[Round "4"]
[White "Sanal,S"]
[Black "Menzi,N"]
[Result "1/2-1/2"]
[WhiteElo "1685"]
[BlackElo "1868"]

1.e4 c5 2.Nf3 d6 3.Bb5+ Bd7 4.Bxd7+ Qxd7 5.O-O Nc6 6.c3 Nf6 7.Re1 e6 8.d4 cxd4
9.cxd4 d5 10.e5 Ne4 11.Nbd2 Nxd2 12.Bxd2 Be7 13.Rc1 O-O 14.a3 Rfc8 15.Rc3 Rc7
16.Rd3 Rac8 17.Ng5 h6 18.Nh3 Bf8 19.Qg4 Kh8 20.Nf4 Ne7 21.Bb4 Nf5 22.Bxf8 Rxf8
23.Nh5 Rfc8 24.h3 Rc1 25.Rxc1 Rxc1+ 26.Kh2 Qb5 27.Rf3 g6 28.Ng3 Qxb2 29.Nxf5 exf5
30.Qh4 Kg7 31.Qf6+ Kg8 32.Qd8+ Kg7 33.Qf6+ Kg8 34.Qd8+ Kh7  1/2-1/2

[Event "XIX Open A"]
[Site "Montcada i Reixac ESP"]
[Date "2011.07.01"]
[Round "7"]
[White "Munoz Pantoja,M"]
[Black "Gonzalez Vidal,Y"]
[Result "1/2-1/2"]
[WhiteElo "2498"]
[BlackElo "2504"]

1.e4 c5 2.Nf3 d6 3.Bb5+ Bd7 4.Bxd7+ Qxd7 5.O-O Nc6 6.c4 Nf6 7.Nc3 g6 8.d4 cxd4
9.Nxd4 Bg7 10.Nde2 O-O 11.f3 Rfc8 12.Be3 Rab8 13.Qd2 Qd8 14.Rac1 a6 15.Nd5 Nxd5
16.cxd5 Ne5 17.b3 Rxc1 18.Rxc1 Rc8 19.Rxc8 Qxc8 20.Bd4  1/2-1/2

[Event "19th Albena Open"]
[Site "Albena BUL"]
[Date "2011.07.02"]
[Round "8.28"]
[White "Gasik,An"]
[Black "Anton,T"]
[Result "1-0"]
[WhiteElo "2223"]
[BlackElo "2355"]

1.e4 c5 2.Nf3 d6 3.Bb5+ Nd7 4.O-O Nf6 5.Re1 a6 6.Bf1 b5 7.a4 b4 8.d4 cxd4
9.Nxd4 Bb7 10.f3 e6 11.a5 Qc7 12.c4 bxc3 13.Nxc3 d5 14.exd5 Nxd5 15.Nxe6 fxe6
16.Nxd5 Qc5+ 17.Ne3 Bd6 18.b4 Qc7 19.Ng4 O-O 20.Rxe6 Bxb4 21.Be3 Rad8 22.Qc1 Bxa5
23.Qxc7 Bxc7 24.Rb1 Bd5 25.Rxa6 h5 26.Nf2 Nf6 27.Rc1 Bb8 28.Bg5 Rc8 29.Rxc8 Rxc8
30.Ra5 Bf7 31.Ne4 Bc7 32.Rb5 Be8 33.Rb1 Nd5 34.h4 Bb6+ 35.Kh1 Bg6 36.Ba6 Rc7
37.Bd3 Rc6 38.Ra1 Nb4 39.Ra8+ Kh7 40.Bb1 Bf5 41.g4 Bg6 42.Bd2  1-0

[Event "ch-BEL Open"]
[Site "Antwerp BEL"]
[Date "2011.07.02"]
[Round "1.2"]
[White "Rooze,J"]
[Black "Vilarnau,E"]
[Result "1-0"]
[WhiteElo "2363"]
[BlackElo "1832"]

1.e4 c5 2.Nf3 d6 3.Bb5+ Nd7 4.d4 cxd4 5.Qxd4 a6 6.Bxd7+ Bxd7 7.Bg5 Qc7 8.Nc3 e6
9.O-O Rc8 10.Rad1 Qc5 11.Qd3 b5 12.a3 a5 13.e5 d5 14.Nd4 b4 15.axb4 axb4
16.Nce2 Ne7 17.Qg3 Nc6 18.Be3 Nxd4 19.Nxd4 Qc7 20.Rfe1 Rg8 21.Rd2 Ra8 22.f4 Bc5
23.f5 Bxd4 24.Bxd4 Qc6 25.Qh4 exf5 26.Qxh7 Kf8 27.Qh3 Be6 28.Rf1 Ke7 29.Qe3 Rac8
30.Ra1 Rc7 31.Ra5 Rgc8 32.Bc5+ Kd7 33.Qg5  1-0

[Event "Karvina Open"]
[Site "Karvina CZE"]
[Date "2011.07.02"]
[Round "1"]
[White "Andreev,Ed UKR"]
[Black "Kozel,Ji"]
[Result "1-0"]
[WhiteElo "2458"]
[BlackElo "1920"]

1.e4 c5 2.Nf3 d6 3.Bb5+ Bd7 4.Bxd7+ Qxd7 5.c4 Nc6 6.Nc3 g6 7.d4 cxd4 8.Nxd4 Bg7
9.Be3 Nf6 10.f3 O-O 11.O-O Rac8 12.Nde2 Rfd8 13.Qd2 e6 14.Rad1 Qe8 15.Bg5 Rd7
16.Kh1 Ne5 17.b3 a6 18.f4 Nc6 19.f5 Ng4 20.h3 Nge5 21.Na4 f6 22.fxe6 Re7
23.Bxf6 Rxe6 24.Bxg7 Kxg7 25.Nb6 Rd8 26.Nd5 Qd7 27.Qg5 Nf7 28.Qg3 Qc8 29.Rf4 Rde8
30.Rdf1 Nfe5 31.R4f2 Rd8 32.Qh4 h6 33.Nef4 Ree8 34.Nxg6 Re6 35.Ngf4  1-0

[Event "TCh-TUR 2011"]
[Site "Konya TUR"]
[Date "2011.07.02"]
[Round "5"]
[White "Menzi,N"]
[Black "Alev,G"]
[Result "1-0"]
[WhiteElo "1868"]
[BlackElo "1605"]

1.e4 c5 2.Nf3 d6 3.Bb5+ Bd7 4.Bxd7+ Qxd7 5.c4 Nf6 6.Nc3 Nc6 7.O-O e6 8.d4 cxd4
9.Nxd4 a6 10.Be3 Be7 11.Qe2 O-O 12.Rac1 Ne5 13.h3 Rac8 14.b3 Rc7 15.f4 Nc6
16.Rfd1 Nxd4 17.Bxd4 Qc6 18.Kh1 Re8 19.Bf2 Bf8 20.Qe3 Rec8 21.a4 Qc5 22.Qxc5 dxc5
23.e5 Nh5 24.Ne2 g6 25.g4 Ng7 26.Ng3 Ne8 27.Ne4 h5 28.gxh5 gxh5 29.Rg1+ Kh7
30.Rg5 Kh6 31.Rcg1 Ng7 32.Nd6 Rd8 33.Bxc5 Rb8 34.Be3 Rd7 35.f5  1-0

[Event "TCh-TUR 2011"]
[Site "Konya TUR"]
[Date "2011.07.02"]
[Round "5"]
[White "Spasov,V"]
[Black "Mamedov,Nid"]
[Result "1/2-1/2"]
[WhiteElo "2594"]
[BlackElo "2587"]

1.e4 c5 2.Nf3 d6 3.Bb5+ Bd7 4.Bxd7+ Qxd7 5.c4 Nf6 6.Nc3 g6 7.d4 cxd4 8.Nxd4 Bg7
9.h3 Qc7 10.b3 Qa5 11.Bd2 Nxe4 12.Nxe4 Qe5 13.Qb1 f5 14.Bc3 Qxe4+ 15.Qxe4 fxe4
16.Nb5 Bxc3+ 17.Nxc3 Nd7 18.Nxe4 Rc8 19.Kd2 Nc5 20.Rhe1 Nxe4+ 21.Rxe4 Rf8
22.f3 Kd7 23.a4 a5 24.Rae1 Rf7 25.Ke3  1/2-1/2

[Event "10th La Fere Open"]
[Site "La Fere FRA"]
[Date "2011.07.02"]
[Round "1.27"]
[White "Tawegoum,Ivan"]
[Black "Poulain,A"]
[Result "1/2-1/2"]
[WhiteElo "1640"]
[BlackElo "1804"]

1.e4 c5 2.Nf3 d6 3.Bb5+ Bd7 4.Bxd7+ Nxd7 5.O-O e5 6.c3 Ngf6 7.Re1 Be7 8.d4 cxd4
9.cxd4 O-O 10.Nc3 a6 11.Be3 b5 12.a3 Rc8 13.Rc1 Ng4 14.Nd5 Nxe3 15.Rxe3 Rxc1
16.Qxc1 exd4 17.Nxe7+ Qxe7 18.Nxd4 Ne5 19.Qc3 Qd7 20.b3 Rc8 21.Qd2 Qc7 22.Ne2 Qc2
23.Qxc2 Rxc2 24.Rc3 Rxc3 25.Nxc3 Nd3 26.Kf1 Nc5 27.b4 Ne6 28.Ke2 Kf8 29.Ke3 Ke8
30.g3 Kd7 31.f4 g6 32.g4 h6 33.h4  1/2-1/2

[Event "9th Niki Open"]
[Site "Nachod CZE"]
[Date "2011.07.02"]
[Round "1.16"]
[White "Kansky,J"]
[Black "Mojzis,Jar"]
[Result "0-1"]
[WhiteElo "1865"]
[BlackElo "2194"]

1.e4 c5 2.Nf3 d6 3.Bb5+ Bd7 4.Bxd7+ Qxd7 5.d4 cxd4 6.Nxd4 Nf6 7.Nc3 e6 8.O-O Be7
9.Be3 O-O 10.f3 Nc6 11.Qe2 Rfd8 12.Rfd1 a6 13.a4 Rac8 14.Nb3 Qc7 15.a5 Nd7
16.Qf2 Nce5 17.Bb6 Nxb6 18.axb6 Qc6 19.Na5 Qd7 20.Qe2 Rc5 21.f4 Ng6 22.Qe3 Qc8
23.Nb3 Rc4 24.Rd4 Rxd4 25.Nxd4 Bf6 26.Nde2 Qc6 27.Rd1 Re8 28.g3 Bd8 29.Kg2 Bxb6
30.Qd3 Rd8 31.Nd4 Bxd4 32.Qxd4 Ne7 33.Kf2 h6 34.Rd2 Qc7 35.Ne2 d5 36.e5 b5
37.Qc3 Qxc3 38.Nxc3 Rc8 39.Ne2 Nc6 40.c3 Kf8 41.Nd4 Nxd4 42.Rxd4 Ke7 43.Ke3 Kd7
44.Kd3 Rc4 45.g4 g6 46.h4 Kc6 47.Ke3 Rxd4 48.Kxd4 a5 49.h5 gxh5 50.gxh5 a4  0-1

[Event "XIII Open"]
[Site "Torredembarra ESP"]
[Date "2011.07.02"]
[Round "1.4"]
[White "Oratovsky,M"]
[Black "Caballero Gomez Casero,E"]
[Result "1-0"]
[WhiteElo "2521"]
[BlackElo "1861"]

1.e4 c5 2.Nf3 d6 3.Bb5+ Bd7 4.Bxd7+ Qxd7 5.c4 Nc6 6.Nc3 Nf6 7.d4 cxd4 8.Nxd4 a6
9.O-O e6 10.b3 Be7 11.Bb2 O-O 12.Nxc6 Qxc6 13.Qe2 Rac8 14.Rfe1 Rfe8 15.Rad1 Qc5
16.Kh1 Qh5 17.f3 Rc5 18.a4 Qh4 19.g3 Qh3 20.Ba3 Nh5 21.Qg2 Qxg2+ 22.Kxg2 Rc6
23.Rd3 g6 24.Red1 Bf6 25.Ne2 d5 26.cxd5 exd5 27.Rxd5 Rc2 28.R1d2 Rec8 29.f4 Rxd2
30.Rxd2 Rd8 31.Rxd8+ Bxd8 32.Kf3 Bb6 33.g4 Nf6 34.e5 Nd7 35.Ke4 Bc5 36.Bb2 Kf8
37.Kd5 Ke7 38.f5 Be3 39.f6+ Kd8 40.e6 fxe6+ 41.Kxe6 Nc5+ 42.Kf7  1-0